Statistics for 100 Largest Counties/County Equivalents in America

Click here to take the quiz!

General Stats

  • This quiz has been taken 13 times
    (3 since last reset)
  • The average score is 13 of 100

Answer Stats

AreaStateCounty% Correct
294,762 sq miAlaskaNorth Slope
100%
1220,105 sq miCaliforniaSan Bernardino
100%
1814,116 sq miAlaskaAleutians West
50%
418,050 sq miNevadaClark
50%
2012,774 sq miAlaskaDenali
50%
1120,928 sq miAlaskaDillingham
50%
1617,202 sq miNevadaElko
50%
467,444 sq miAlaskaFairbanks North Star
50%
646,017 sq miCaliforniaFresno
50%
2310,914 sq miAlaskaHoonah-Angoon
50%
378,502 sq miIdahoIdaho
50%
398,161 sq miCaliforniaKern
50%
1319,669 sq miAlaskaKusilvak
50%
388,358 sq miOregonLake
50%
530,906 sq miAlaskaLake and Peninsula
50%
964,752 sq miCaliforniaLos Angeles
50%
349,224 sq miArizonaMaricopa
50%
725,259 sq miAlaskaMatanuska-Susitna
50%
628,283 sq miAlaskaNome
50%
1518,158 sq miNevadaNye
50%
359,188 sq miArizonaPima
50%
477,303 sq miCaliforniaRiverside
50%
408,127 sq miArizonaYavapai
50%
1147,842 sq miAlaskaYukon-Koyukuk
50%
1715,011 sq miAlaskaAleutians East
0%
825,049 sq miMichiganAlger
0%
2211,218 sq miNevadaApache
0%
526,828 sq miMaineAroostook
0%
685,572 sq miMontanaBeaverhead
0%
345,508 sq miAlaskaBethel
0%
855,014 sq miMontanaBig Horn
0%
546,729 sq miUtahBox Elder
0%
606,192 sq miTexasBrewster
0%
924,807 sq miWyomingCampbell
0%
427,964 sq miWyomingCarbon
0%
506,929 sq miNew MexicoCatron
0%
626,075 sq miNew MexicoChaves
0%
656,009 sq miNebraskaCherry
0%
319,530 sq miAlaskaChugach
0%
845,023 sq miNevadaChurchill
0%
596,218 sq miArizonaCochise
0%
1318,661 sq miArizonaCoconino
0%
1025,692 sq miAlaskaCopper River
0%
864,936 sq miIdahoCuster
0%
795,133 sq miOregonDouglas
0%
765,256 sq miMontanaFlathead
0%
339,182 sq miWyomingFremont
0%
884,847 sq miMontanaGarfield
0%
785,208 sq miUtahGarfield
0%
934,795 sq miArizonaGila
0%
2710,226 sq miOregonHarney
0%
805,086 sq miHawaiiHawaii
0%
309,657 sq miNevadaHumboldt
0%
2610,226 sq miCaliforniaInyo
0%
924,754 sq miAlaskaKenai Peninsula
0%
665,965 sq miMichiganKeweenaw
0%
616,135 sq miOregonKlamath
0%
2112,023 sq miAlaskaKodiak Island
0%
705,519 sq miNevadaLander
0%
994,721 sq miOregonLane
0%
944.775 sq miColoradoLas Animas
0%
1004,720 sq miCaliforniaLassen
0%
2410,636 sq miNevadaLincoln
0%
904,831 sq miNew MexicoLincoln
0%
299,929 sq miOregonMalheur
0%
725,455 sq miNew MexicoMcKinley
0%
536,828 sq miUtahMillard
0%
974,750 sq miColoradoMoffat
0%
1913,469 sq miArizonaMohave
0%
735,375 sq miWyomingNatrona
0%
289,959 sq miArizonaNavajo
0%
440,762 sq miAlaskaNorthwest Arctic
0%
755,315 sq miWashingtonOkanogan
0%
566,627 sq miNew MexicoOtero
0%
447,696 sq miIdahoOwyhee
0%
496,968 sq miWyomingPark
0%
954,764 sq miTexasPecos
0%
636,067 sq miNevadaPershing
0%
775,212 sq miMontanaPhillips
0%
745,374 sq miArizonaPinal
0%
457,683 sq miAlaskaPrince of Wales-Hyder
0%
675,896 sq miNew MexicoRio Arriba
0%
835,026 sq miMontanaRosebud
0%
437,933 sq miUtahSan Juan
0%
695,514 sq miNew MexicoSan Juan
0%
984,735 sq miNew MexicoSan Miguel
0%
586,347 sq miCaliforniaSiskiyou
0%
914,811 sq miAlaskaSitka
0%
556,648 sq miNew MexicoSocorro
0%
825,061 sq miAlaskaSoutheast Fairbanks
0%
516,859 sq miMinnesotaSt. Louis
0%
874,933 sq miWyomingSublette
0%
2510,491 sq miWyomingSweetwater
0%
487,287 sq miUtahTooele
0%
894,839 sq miCaliforniaTulare
0%
815,061 sq miMontanaValley
0%
576,551 sq miNevadaWashoe
0%
368,896 sq miNevadaWhite Pine
0%
329,459 sq miAlaskaYakutat
0%
715,518 sq miArizonaYuma
0%

Score Distribution

Percentile by Number Answered

Percent of People with Each Score

Your Score History

You have not taken this quiz since the last reset